| 000 | 01113nam2a22002411 4500 | ||
|---|---|---|---|
| 001 | v19\rc\1809341 | ||
| 005 | 20250619125544.0 | ||
| 035 | _a(NLR Aleph) 004909606 | ||
| 090 |
_a5463015 _c5463015 |
||
| 100 | _a20071224d1906 |||y0rusy50 ca | ||
| 101 | 0 | _arus | |
| 102 | _aRU | ||
| 105 | _ay z ||||| | ||
| 200 | 0 | _a... к 10-му марта 1906 года | |
| 210 |
_d1906 _aБ. м. |
||
| 215 | _a18 с. | ||
| 461 | 0 |
_1001v19\rc\1809340 _12001#$aСписок членов Общества взаимного кредита деятелей печатного дела...$v... к 10-му марта 1906 года _95463011 _aПетербургское общество взаимного кредита деятелей печатного дела _cСанкт-Петербург _d1906-1914 _tСписок членов Общества взаимного кредита деятелей печатного дела... _v... к 10-му марта 1906 года |
|
| 801 | 0 |
_aRU _bNLR _gpsbo |
|
| 801 | 0 |
_aRU _bRuMoRGB _2psbo |
|
| 801 | 1 |
_aRU _bProSoft-M _2rusmarc |
|
| 852 |
_aNLR _j34.84.5.453 |
||
| 942 | _cBOOK | ||
| 980 | _aNB | ||